لغة الباسيك للحاسباتن الصغيرة و الحسابت الدقيقة / (رقم التسجيلة. 77874)

تفاصيل مارك
000 -LEADER
fixed length control field 00692nam a22002057a 4500
005 - DATE AND TIME OF LATEST TRANSACTION
control field 20251108172401.0
008 - FIXED-LENGTH DATA ELEMENTS--GENERAL INFORMATION
fixed length control field 250721s1984 xx 000 0 ara d
082 14 - DEWEY DECIMAL CLASSIFICATION NUMBER
Classification number 001.6424/كاس
100 1# - MAIN ENTRY--PERSONAL NAME
Personal name كاسل، دون
245 10 - TITLE STATEMENT
Title لغة الباسيك للحاسباتن الصغيرة و الحسابت الدقيقة /
264 1# - PRODUCTION, PUBLICATION, DISTRIBUTION, MANUFACTURE, AND COPYRIGHT NOTICE
Place of production, publication, distribution, manufacture لندن :
Name of producer, publisher, distributor, manufacturer برتيس هول إنترنكشول،
Date of production, publication, distribution, manufacture, or copyright notice 1984.
300 ## - PHYSICAL DESCRIPTION
Extent 250ص
650 17 - SUBJECT ADDED ENTRY--TOPICAL TERM
Topical term or geographic name as entry element الحواسيب
650 17 - SUBJECT ADDED ENTRY--TOPICAL TERM
Topical term or geographic name as entry element الباسيك (لغة برمجة)
700 1# - ADDED ENTRY--PERSONAL NAME
Personal name سوانون، ريتشارد
700 1# - ADDED ENTRY--PERSONAL NAME
Personal name عبد الفتاح، مجدي
Relator term ترجمة
700 1# - ADDED ENTRY--PERSONAL NAME
Personal name أبو الخير، إبتسام
942 ## - ADDED ENTRY ELEMENTS (KOHA)
Source of classification or shelving scheme Dewey Decimal Classification
Koha item type كتب
المقتنيات
حالة السحب حالة الفقدان مصدر التصنيف حالة التلف غير قابل للإعارة المكتبة الرئيسية المكتبة الحالية موقع الرف تاريخ التزويد الرقم المتسلسل Total Checkouts رقم الإستدعاء تاريخ آخر ظهور تاريخ الفاتورة نوع المادة (كوها)
    Dewey Decimal Classification Unchecked   مكتبة الحسن العامة مكتبة الحسن العامة الإعارة 06/07/2004 4745   001.6424/كاس 28/07/2025 06/07/2004 كتب
Implemented & Customized by: BBB with SCIT (Smart Chains for Information Technology)

Powered by Koha